Muslim family laws: (Record no. 447)
[ view plain ]
| 000 -LEADER | |
|---|---|
| fixed length control field | 007750000a22002050004500 |
| 003 - CONTROL NUMBER IDENTIFIER | |
| control field | LK-CoMWRAF |
| 005 - DATE AND TIME OF LATEST TRANSACTION | |
| control field | 20231130130921.0 |
| 008 - FIXED-LENGTH DATA ELEMENTS--GENERAL INFORMATION | |
| fixed length control field | 230817t1980 ||||| |||| 00| 0 eng d |
| 040 ## - CATALOGING SOURCE | |
| Original cataloging agency | LK-CoMWRAF |
| Modifying agency | LK-CoMWRAF |
| Description conventions | LK-CoMWRAF |
| 041 ## - LANGUAGE CODE | |
| Language code of text/sound track or separate title | English |
| 082 ## - DEWEY DECIMAL CLASSIFICATION NUMBER | |
| Classification number | 346 |
| Item number | HAL |
| 942 ## - ADDED ENTRY ELEMENTS (KOHA) | |
| Koha item type | Books |
| 100 ## - MAIN ENTRY--PERSONAL NAME | |
| Personal name | Halim, Shaikh Abdul |
| 245 ## - TITLE STATEMENT | |
| Title | Muslim family laws: |
| Remainder of title | with muslim family laws ordinance and rules... |
| 260 ## - PUBLICATION, DISTRIBUTION, ETC. (IMPRINT) | |
| Place of publication, distribution, etc. | Lahore: |
| Name of publisher, distributor, etc. | Law publishing; |
| Date of publication, distribution, etc. | [198?] |
| 300 ## - PHYSICAL DESCRIPTION | |
| Extent | vi, 109, vii p. |
| Other physical details | Index included |
| 500 ## - GENERAL NOTE | |
| General note | This includes Family courts act and rules; Muslim personal law, Application acts, Dissolution of Muslim Marriages Act, Dowry and Bridal , Majority act, Guardians and Wards Act |
| 650 ## - SUBJECT ADDED ENTRY--TOPICAL TERM | |
| Topical term or geographic name as entry element | DOMESTIC RELATIONS(ISLAMIC LAW) |
| 650 ## - SUBJECT ADDED ENTRY--TOPICAL TERM | |
| Topical term or geographic name as entry element | Domestic relations--Pakistan. |
| Withdrawn status | Lost status | Damaged status | Not for loan | Permanent Location | Current Location | Date acquired | Full call number | Barcode | Koha item type |
|---|---|---|---|---|---|---|---|---|---|
| Resource center, Muslim Women's Research And Action Forum | Resource center, Muslim Women's Research And Action Forum | 2023-08-17 | 346 HAL | RAF477 | Books |

